[Event "Cagliari Alfa Lum op 3rd"]
[Site "Cagliari"]
[Date "2012.09.01"]
[Round "4"]
[White "Boi, Fausto"]
[Black "Corona, Rafaele"]
[Result "0-1"]
[WhiteElo "1784"]
[BlackElo "1634"]
[PlyCount "44"]
[EventDate "2012.08.31"]
[EventType "swiss"]
[EventRounds "6"]
[EventCountry "ITA"]
[SourceTitle "EXT 2014"]
[Source "ChessBase"]
[SourceDate "2013.11.20"]
[SourceVersion "1"]
[SourceVersionDate "2013.11.20"]
[SourceQuality "1"]

1. e4 d5 2. e5 Bf5 3. d4 e6 4. Bd3 Ne7 5. Bg5 Bxd3 6. Qxd3 Qd7 7. f4 c5 8. c3 Nbc6 9. dxc5 Ng6 10. Qe3 h6 11. f5 Ngxe5 12. fxe6 Qxe6 13. Bf4 Bxc5 14. Qg3 Nd3+ 15. Kd2 Nxb2 16. Na3 0-0 17. Re1 Qf6 18. Nc2 d4 19. cxd4 Bxd4 20. Ne2 Rfd8 21. Kc1 Nd3+ 22. Kb1 Bf2 0-1

[Event "Cagliari Alfa Lum op 3rd"]
[Site "Cagliari"]
[Date "2012.09.01"]
[Round "3"]
[White "Sanna, Yuri"]
[Black "Boi, Fausto"]
[Result "1-0"]
[WhiteElo "1811"]
[BlackElo "1784"]
[PlyCount "55"]
[EventDate "2012.08.31"]
[EventType "swiss"]
[EventRounds "6"]
[EventCountry "ITA"]
[SourceTitle "EXT 2014"]
[Source "ChessBase"]
[SourceDate "2013.11.20"]
[SourceVersion "1"]
[SourceVersionDate "2013.11.20"]
[SourceQuality "1"]

1. d4 d5 2. e4 dxe4 3. Nc3 Nf6 4. f3 exf3 5. Nxf3 Bg4 6. h3 Bf5 7. Bc4 h6 8. Ne5 e6 9. 0-0 Bh7 10. Qe2 Qxd4+ 11. Kh1 Ne4 12. Nxe4 Qxe5 13. Qf3 Bg6 14. Bd3 f5 15. Nf6+ gxf6 16. Qxb7 Qd5 17. Bb5+ Kf7 18. Qxc7+ Be7 19. c4 Qd8 20. Qb7 a6 21. Ba4 Qd3 22. Bf4 Qe4 23. Qc7 a5 24. Bd6 Kg7 25. Qxe7+ Bf7 26. Rf3 Qh4 27. Rg3+ Qxg3 28. Bxg3 1-0

[Event "Cagliari Alfa Lum op 3rd"]
[Site "Cagliari"]
[Date "2012.08.31"]
[Round "2"]
[White "Pistis, Laura"]
[Black "Boi, Fausto"]
[Result "0-1"]
[WhiteElo "1335"]
[BlackElo "1784"]
[PlyCount "40"]
[EventDate "2012.08.31"]
[EventType "swiss"]
[EventRounds "6"]
[EventCountry "ITA"]
[SourceTitle "EXT 2014"]
[Source "ChessBase"]
[SourceDate "2013.11.20"]
[SourceVersion "1"]
[SourceVersionDate "2013.11.20"]
[SourceQuality "1"]

1. e4 e5 2. Nf3 d6 3. d4 Nf6 4. Nc3 exd4 5. Nxd4 Be7 6. Bd3 0-0 7. Nd5 Nxd5 8. exd5 Nd7 9. 0-0 Ne5 10. f4 Nxd3 11. Qxd3 Bd7 12. Re1 Rc8 13. Nf5 Bf6 14. Qe4 Re8 15. Qb4 Rxe1+ 16. Qxe1 Bxf5 17. Qe2 Qd7 18. g4 Re8 19. Qg2 Bd4+ 20. Kf1 Qb5+ 0-1

[Event "Sardegna Region-ch"]
[Site "Capoterra"]
[Date "2012.05.27"]
[Round "6"]
[White "Boi, Fausto"]
[Black "Melis, Daniele"]
[Result "1/2-1/2"]
[WhiteElo "1783"]
[BlackElo "1615"]
[PlyCount "113"]
[EventDate "2012.05.19"]
[EventType "swiss"]
[EventRounds "6"]
[EventCountry "ITA"]
[SourceTitle "EXT 2014"]
[Source "ChessBase"]
[SourceDate "2013.11.20"]
[SourceVersion "1"]
[SourceVersionDate "2013.11.20"]
[SourceQuality "1"]

1. e4 e5 2. d4 exd4 3. Qxd4 Nc6 4. Qe3 Bb4+ 5. Nc3 d6 6. Bd2 Nf6 7. 0-0-0 0-0 8. Bc4 Bc5 9. Qe1 Re8 10. Bg5 Ne5 11. Bb3 h6 12. Bh4 Ng6 13. Bg3 Bb4 14. f3 Qe7 15. Bf2 Be6 16. Bxe6 Qxe6 17. Nge2 Bxc3 18. Nxc3 c6 19. Qd2 Red8 20. Rhe1 b5 21. Kb1 Rd7 22. Ne2 c5 23. Nc3 a6 24. Nd5 Nxd5 25. Qxd5 Qxd5 26. Rxd5 Nf4 27. Rd2 Rad8 28. Red1 c4 29. Bg3 Ng6 30. Bxd6 f6 31. g3 Ne5 32. f4 Nf3 33. Rd5 Kf7 34. h3 Ke6 35. f5+ Kf7 36. h4 Ne5 37. b3 Ng4 38. R5d4 Nf2 39. R1d2 cxb3 40. axb3 Nxe4 41. Rxe4 Rxd6 42. Rxd6 Rxd6 43. Kb2 g6 44. fxg6+ Kxg6 45. g4 f5 46. gxf5+ Kxf5 47. Rb4 h5 48. c4 bxc4 49. bxc4 Rd4 50. Kc3 Rxh4 51. Ra4 Rh1 52. Rxa6 h4 53. Kd4 h3 54. Rh6 h2 55. Kc5 Kg4 56. Kc6 Kg3 57. c5 1/2-1/2

[Event "Sardegna Region-ch"]
[Site "Sardara"]
[Date "2011.05.29"]
[Round "8"]
[White "Boi, Fausto"]
[Black "Maldarelli, Lorenzo"]
[Result "0-1"]
[WhiteElo "1812"]
[BlackElo "1813"]
[PlyCount "118"]
[EventDate "2011.05.23"]
[EventType "swiss"]
[EventRounds "8"]
[EventCountry "ITA"]
[SourceTitle "EXT 2023"]
[Source "ChessBase"]
[SourceDate "2022.10.05"]
[SourceVersion "1"]
[SourceVersionDate "2022.10.05"]
[SourceQuality "1"]

1. e3 c5 2. g3 e6 3. Bg2 Nf6 4. d3 Nc6 5. Ne2 g6 6. b3 Bg7 7. Bb2 0-0 8. Nd2 d5 9. a3 e5 10. h3 d4 11. e4 Ne8 12. g4 Nd6 13. Ng3 Qe7 14. Nf3 f5 15. gxf5 gxf5 16. exf5 Bxf5 17. Nxf5 Rxf5 18. Nd2 Raf8 19. Rf1 Qh4 20. Qe2 e4 21. Nxe4 Nxe4 22. Bxe4 Rf4 23. Bc1 R4f6 24. Qg4 Qxg4 25. hxg4 Ne5 26. g5 Rb6 27. Rh1 Ng6 28. Bd2 Re8 29. f4 Nf8 30. Ke2 h6 31. Rag1 hxg5 32. Rxg5 Rg6 33. Rhg1 Rxg5 34. Rxg5 b6 35. f5 Kf7 36. Kf3 Bh6 37. Bd5+ Kf6 38. Kg4 Re2 39. Bf4 Bxg5 40. Bxg5+ Ke5 41. Be4 Rf2 42. Bh6 Nd7 43. Bg7+ Kd6 44. Kg5 Ne5 45. Bf8+ Kd7 46. Kf6 Ng4+ 47. Kg6 Rxc2 48. f6 Ne5+ 49. Kg7 Ke6 50. Be7 Rf2 51. Bb7 Rf1 52. Bc8+ Nd7 53. Bxd7+ Kxd7 54. Kf7 Rf3 55. Kf8 Rxd3 56. f7 Rf3 57. b4 c4 58. b5 c3 59. Bb4 Ke6 0-1

[Event "Sardegna Region-ch"]
[Site "Sardara"]
[Date "2011.05.28"]
[Round "6"]
[White "Toniolo, Massimo"]
[Black "Boi, Fausto"]
[Result "0-1"]
[WhiteElo "1748"]
[BlackElo "1812"]
[PlyCount "74"]
[EventDate "2011.05.23"]
[EventType "swiss"]
[EventRounds "8"]
[EventCountry "ITA"]
[SourceTitle "EXT 2023"]
[Source "ChessBase"]
[SourceDate "2022.10.05"]
[SourceVersion "1"]
[SourceVersionDate "2022.10.05"]
[SourceQuality "1"]

1. e4 e6 2. d4 d6 3. Nf3 a6 4. c4 b6 5. Nc3 Ne7 6. Bd3 g6 7. Be3 Nd7 8. Qd2 h6 9. 0-0 Bb7 10. d5 e5 11. b4 f5 12. exf5 gxf5 13. Nh4 f4 14. Bxf4 exf4 15. Ng6 Rg8 16. Nxf4 Ne5 17. Ne6 Qd7 18. f4 Nxd3 19. Qxd3 Qxe6 20. f5 Qf6 21. Ne4 Qe5 22. f6 0-0-0 23. fxe7 Qxe7 24. Nf6 Rg5 25. Nh7 Re5 26. Qg6 Re8 27. Nf6 Rd8 28. Nh7 c6 29. Nxf8 Rxf8 30. dxc6 Bxc6 31. Qxh6 Rg8 32. g3 Re2 33. Rf2 Rxf2 34. Kxf2 Rf8+ 35. Kg1 Qf6 36. Qh3+ Bd7 37. Qf1 Qd4+ 0-1

[Event "Cagliari Alfa Lum op"]
[Site "Cagliari"]
[Date "2009.08.28"]
[Round "2"]
[White "Boi, Fausto"]
[Black "Sitzia, Carlo"]
[Result "1/2-1/2"]
[WhiteElo "1830"]
[BlackElo "1487"]
[PlyCount "130"]
[EventDate "2009.08.28"]
[EventType "swiss"]
[EventRounds "6"]
[EventCountry "ITA"]
[SourceTitle "EXT 2012"]
[Source "ChessBase"]
[SourceDate "2011.11.24"]
[SourceVersion "1"]
[SourceVersionDate "2011.11.24"]
[SourceQuality "1"]

1. d3 e6 2. a3 d5 3. Nc3 Nf6 4. Bg5 Be7 5. Qd2 c5 6. e3 Nc6 7. Be2 h6 8. Bh4 0-0 9. g4 Nh7 10. Bg3 Bd6 11. f4 Bc7 12. d4 b6 13. Nf3 Bb7 14. h4 Ne7 15. h5 f6 16. Bd3 f5 17. gxf5 Nxf5 18. Bf2 Nf6 19. 0-0-0 Qe8 20. Be2 a6 21. Nh4 Ne7 22. Rdg1 Rf7 23. Bd3 b5 24. Ng6 c4 25. Bf1 a5 26. Ne5 Rf8 27. Bh3 Nf5 28. Bxf5 exf5 29. Bh4 b4 30. Qg2 Qe7 31. Ng6 Qxe3+ 32. Kb1 Rf7 33. Re1 Qxd4 34. Bf2 Qd2 35. Re2 bxc3 36. Rxd2 cxd2 37. Bd4 Ne4 38. Ne5 Bxe5 39. Bxe5 d4 40. Qh2 Rd8 41. Rd1 c3 42. b3 Bc6 43. Qg2 a4 44. b4 Bd5 45. Qh2 Rc8 46. Bxd4 Rb7 47. Qg1 Rcb8 48. Ka1 Rc8 49. Qg6 Rf7 50. Rg1 Rc6 51. Qg2 Re7 52. Qe2 Rcc7 53. Qb5 Be6 54. Qe2 Bc4 55. Qf3 Bb5 56. Rd1 Rc4 57. Bf2 Nxf2 58. Qxf2 Rce4 59. Qc5 Bc4 60. Qxf5 Re1 61. Qc8+ Kh7 62. Qf5+ Kg8 63. Qc8+ Kh7 64. Qf5+ Kg8 65. Qc8+ Kh7 1/2-1/2